| 000 | 00601cab a2200193 4500 | ||
|---|---|---|---|
| 001 | ABS40149 | ||
| 008 | 090401t1989 xxu||||| |||| 00| 0 eng d | ||
| 035 | _a(Sirsi) u21761 | ||
| 041 | _aeng | ||
| 100 | _aUren, J. | ||
| 245 | _aLaser surveying - an update | ||
| 260 | _c1989 | ||
| 350 | _a0 | ||
| 490 |
_aCivil Engineering Surveyor _v13(10) December 1988/January 1989, 17-20(4) |
||
| 520 | _aReviews developments in laser surveying looking at equipment including Laser Distance Measurers , applications and safety . | ||
| 690 | _aPRACTICE AND TECHNIQUES | ||
| 942 | _n0 | ||
| 948 | _c04/03/1997 | ||
| 999 |
_c14590 _d14590 |
||